How structures work (Record no. 554274)

000 -LEADER
fixed length control field 00405nam a22001337a 4500
020 ## - INTERNATIONAL STANDARD BOOK NUMBER
International Standard Book Number 978-1-119-01227
082 ## - DEWEY DECIMAL CLASSIFICATION NUMBER
Classification number 624.1
Author Mark YEO
-- N-02,P-99
100 ## - MAIN ENTRY--PERSONAL NAME
Personal name Yeomans, David T
9 (RLIN) 51713
245 ## - TITLE STATEMENT
Title How structures work
Remainder of title Design and behavior from bridges to buildings
260 ## - PUBLICATION, DISTRIBUTION, ETC.
Place of publication, distribution, etc. india,
Name of publisher, distributor, etc. John Wiley & Sons,
Date of publication, distribution, etc. 2016.
300 ## - PHYSICAL DESCRIPTION
Extent 255p.
Dimensions 24cm
526 ## - STUDY PROGRAM INFORMATION NOTE
Program name 0
Interest level 0
Reading level 0
Title point value 624_100000000000000_YEO
942 ## - ADDED ENTRY ELEMENTS (KOHA)
Source of classification or shelving scheme
Koha item type Book
Holdings
Withdrawn status Lost status Source of classification or shelving scheme Damaged status Not for loan Permanent Location Current Location Date acquired Total Checkouts Full call number Barcode Date last seen Price effective from Koha item type
          Military College of Engineering (MCE) Military College of Engineering (MCE) 09/02/2019   624.1 YEO MCE-51117 09/02/2019 09/02/2019 Book
© 2023 Central Library, National University of Sciences and Technology. All Rights Reserved.